|
|
|
|
| LEADER |
01062nam a2200265 a 4500 |
| 001 |
4851005 |
| 008 |
091124s1992 nyua b 000 0 eng d |
| 010 |
|
|
|a \\\91015252
|
| 020 |
|
|
|a 0070701865 :
|c $18.36
|
| 020 |
|
|
|a 0071128883
|
| 040 |
|
|
|a DLC
|c DLC
|d DLC
|
| 082 |
0 |
0 |
|a 330.9172/4
|2 20
|
| 245 |
0 |
4 |
|a The Political economy of development and underdevelopment /
|c edited by Charles K. Wilber, Kenneth P. Jameson.
|
| 250 |
|
|
|a 5th ed.
|
| 260 |
|
|
|a New York :
|b McGraw-Hill,
|c c1992.
|
| 300 |
|
|
|a xvi, 656 p. :
|b ill. ;
|c 24 cm.
|
| 504 |
|
|
|a Includes bibliographical references (p. 651-656).
|
| 541 |
1 |
|
|e 00010969
|
| 650 |
|
0 |
|a Economic development.
|
| 651 |
|
0 |
|a Developing countries
|x Economic conditions.
|
| 700 |
1 |
|
|a Wilber, Charles K.
|
| 700 |
1 |
|
|a Jameson, Kenneth P.
|
| 852 |
4 |
|
|a Ayesha Abed Library
|j General shelf
|
| 999 |
|
|
|c 5845
|d 5845
|
| 952 |
|
|
|0 0
|1 0
|2 ddc
|4 0
|6 330_917240000000000_POL_1992
|7 0
|9 5822
|a BRACUL
|b BRACUL
|c GEN
|d 2009-12-02
|g 0.00
|l 2
|m 16
|o 330.91724 POL
|p 3010010969
|r 2017-05-31
|s 2017-05-22
|t 1
|w 2009-12-02
|y BK
|x No price found in the accession register.
|